Normal view
MARC view
- هولوكوست-اسرائيل-تاريخ
Entry Topical Term
001 - CONTROL NUMBER
- control field: 13795
003 - CONTROL NUMBER IDENTIFIER
- control field: JO-AjAnu
005 - DATE AND TIME OF LATEST TRANSACTION
- control field: 20230606072515.0
008 - FIXED-LENGTH DATA ELEMENTS
- fixed length control field: 230606|| aca||aabn | a|a d
040 ## - CATALOGING SOURCE
- Original cataloging agency: JO-AjAnu
- Transcribing agency: JO-AjAnu
150 ## - HEADING--TOPICAL TERM
- Topical term or geographic name entry element: هولوكوست-اسرائيل-تاريخ
670 ## - SOURCE DATA FOUND
- Source citation: Work cat.: (JO-AjAnu)7094: تاليف فنكلستين، نورمن؛ ترجمة ادريس، سماح، ترجمة حداد، أيمن ح., author 13794, صناعة الهولوكوست: تاملات في استغلال المعاناه اليهودية